International journal of operations & production management

Detalles Bibliográficos
Autor Corporativo: MCB University Press
Formato: Electrónico Revista
Lenguaje:inglés
Publicado: Bradford, England : MCB University Press
Materias:
Acceso en línea:Full text available from Research Library: 01/01/1994 to 1 year ago

MARC

LEADER 00000nas a2200000 a 4500
001 ssj0002315
003 WaSeSS
005 20200512172242.0
006 m d
007 cr n
008 001107c19809999enkmr pss 0 a0eng c
010 |a  00253510  
015 |a GBB3A7320  |2 bnb 
016 7 |a 012433507  |2 Uk 
022 |a 1758-6593  |y 0144-3577 
035 |a (WaSeSS)ssj0002315 
037 |b MCB University Press Limited, 60/62 Toller Lane, Bradford, West Yorkshire, England BD8 9BY 
040 |a WAU  |b eng  |e pn  |c WAU  |d OCLCQ  |d IUL  |d OCLCQ  |d DLC  |d F#A  |d OCLCF  |d OCLCO  |d OCLCQ  |d DLC  |d OCLCQ  |d ILACE  |d NLE  |d UKMGB  |d WaSeSS 
042 |a pcc 
050 0 0 |a TS155.A1 
130 0 |a International journal of operations & production management (Online) 
245 1 0 |a International journal of operations & production management  |h [electronic resource]. 
246 3 |a International journal of operations and production management 
260 |a Bradford, England :  |b MCB University Press 
310 |a Twelve no. a year,  |b 1993- 
321 |a Frequency varies,  |b 1989-1992 
362 1 |a Print began with vol. 1, issue 1, published in 1980. 
500 |a Abstracts for 1989- also available online. 
506 |a License restrictions may limit access. 
515 |a Some issues combined. 
538 |a Mode of access: World Wide Web. 
588 |a Description based on: Vol. 14, issue 1 (1994); title from introductory page, viewed July 23, 2002. 
588 |a Latest issue consulted: Vol. 37, issue 3 (2017) (Emerald Insight website, viewed Jan. 25, 2017). 
650 0 |a Production management  |v Periodicals. 
650 0 |a Industrial management  |v Periodicals. 
650 7 |a Industrial management.  |2 fast  |0 (OCoLC)fst00971246 
650 7 |a Production management.  |2 fast  |0 (OCoLC)fst01078309 
655 0 |a Electronic journals. 
710 2 |a MCB University Press. 
776 0 8 |i Print version:  |t International journal of operations & production management  |x 0144-3577  |w (DLC) 87645575  |w (OCoLC)6807191 
850 |a DLC 
853 2 0 |8 1  |a v.  |b no.  |u 12  |v r  |i (year)  |w 12 
856 4 0 |z Full text available from Research Library: 01/01/1994 to 1 year ago  |u https://search.proquest.com/publication/36644 
863 4 1 |8 1.1  |a 13  |b 1  |i 1993